BIBLIOTECA

SENCICO

Diseño práctico de estructuras de acero : Un enfoque del diseño con AISC: ASD/LRFD y RCDF (Registro nro. 971)

Detalles MARC
000 -LEADER
fixed length control field 00652nam a2200241Ia 4500
005 - DATE AND TIME OF LATEST TRANSACTION
control field 20251020182455.0
008 - FIXED-LENGTH DATA ELEMENTS--GENERAL INFORMATION
fixed length control field 200515s9999 xx 000 0 und d
020 ## - INTERNATIONAL STANDARD BOOK NUMBER
International Standard Book Number 978-607-17-0772-7
082 ## - DEWEY DECIMAL CLASSIFICATION NUMBER
Classification number 624.011.2/P43
100 ## - MAIN ENTRY--PERSONAL NAME
Personal name Delfino Rodríguez Peña
245 #0 - TITLE STATEMENT
Title Diseño práctico de estructuras de acero : Un enfoque del diseño con AISC: ASD/LRFD y RCDF
250 ## - EDITION STATEMENT
Edition statement 3a ed.
260 ## - PUBLICATION, DISTRIBUTION, ETC.
Place of publication, distribution, etc. México, D.F.
260 ## - PUBLICATION, DISTRIBUTION, ETC.
Name of publisher, distributor, etc. Trillas
260 ## - PUBLICATION, DISTRIBUTION, ETC.
Date of publication, distribution, etc. 2011
300 ## - PHYSICAL DESCRIPTION
Extent 432 p.
300 ## - PHYSICAL DESCRIPTION
Other physical details il., tbl., graf.
500 ## - GENERAL NOTE
General note 1 ejemplar
650 ## - SUBJECT ADDED ENTRY--TOPICAL TERM
Topical term or geographic name entry element DISEÑO ESTRUCTURAL
650 ## - SUBJECT ADDED ENTRY--TOPICAL TERM
Topical term or geographic name entry element ESTRUCTURAS DE ACERO SOLDADAS
942 ## - ADDED ENTRY ELEMENTS (KOHA)
Koha item type Libros
Existencias
Fecha de la última vez que lo usaron Pago total Signatura topográfica completa Código de barras Precio efectivo desde Tipo de documento Estado perdido Estado dañado No es para préstamo Retirado Ubicación permanente Ubicación actual Fecha de adquisición
15/05/2020   624.011.2/P43 Bib-Lima15050971 15/05/2020 Libros         Biblioteca Central Lima Biblioteca Central Lima 15/05/2020